Random Provinces of the Philippines - Statistics

General Stats
  • This quiz has been taken 194 times
  • The average score is 7 of 10
Answers on the Map
Answers color-coded by a green-red scale on the quiz's map according to % correct below.
 
Answer Stats
Provinces % Correct
Agusan del Sur
100%
Aurora
100%
Batanes
100%
Bohol
100%
Cagayan
100%
Cebu
100%
Davao Occidental
100%
Dinagat Islands
100%
Eastern Samar
100%
Guimaras
100%
Ifugao
100%
Ilocos Norte
100%
Manila
100%
Masbate
100%
Negros Occidental
100%
Palawan
100%
Samar
100%
Sulu
100%
Zambales
100%
Zamboanga City
100%
Marinduque
89%
La Union
88%
Quezon
88%
Abra
86%
Iloilo
86%
Leyte
86%
Kalinga
83%
Biliran
80%
Capiz
80%
Nueva Vizcaya
80%
Pangasinan
80%
Catanduanes
75%
Sarangani
75%
South Cotabato
75%
Tarlac
75%
Zamboanga del Norte
75%
Camarines Sur
71%
Laguna
71%
Negros Oriental
71%
Agusan del Norte
67%
Albay
67%
Antique
67%
Ilocos Sur
67%
Quirino
67%
Siquijor
67%
Surigao del Sur
67%
Bulacan
60%
Cavite
60%
Isabela
60%
Lanao del Sur
60%
Mountain Province
60%
Tawi-Tawi
60%
Zamboanga Sibugay
60%
Apayao
50%
Basilan
50%
Batangas
50%
Benguet
50%
Bukidnon
50%
Camarines Norte
50%
Camiguin
50%
Davao del Sur
50%
Lanao del Norte
50%
Northern Samar
50%
Sultan Kudarat
50%
Surigao del Norte
50%
Zamboanga del Sur
50%
Compostela Valley
43%
Davao Oriental
43%
Cotabato
40%
Occidental Mindoro
40%
Oriental Mindoro
40%
Pampanga
40%
Southern Leyte
40%
Maguindanao
38%
Aklan
33%
Bataan
33%
Misamis Occidental
33%
Nueva Ecija
33%
Davao del Norte
25%
Rizal
25%
Misamis Oriental
20%
Romblon
0%
Sorsogon
0%
No matching quizzes found
Score Distribution
Percent of People with Each Score
Percentile by Number Answered
Your Score History
You have not taken this quiz